| 000 | 00000nam 2200000zi 4500 |
| 001 | 9.872712 |
| 003 | CaOODSP |
| 005 | 20231212105203 |
| 006 | m o d f |
| 007 | cr ||||||||||| |
| 008 | 190509t20192019onc o f000 0 eng d |
| 020 | |a9780660308418 |
| 040 | |aCaOODSP|beng|erda|cCaOODSP |
| 043 | |an-cn--- |
| 086 | 1 |aH14-323/2019E-PDF |
| 245 | 00|aTravellers’ risk perceptions, values and preferences. |
| 264 | 1|a[Ottawa] : |bPublic Health Agency of Canada = Agence de la santé publique du Canada, |c2019. |
| 264 | 4|c©2019 |
| 300 | |a1 online resource (83 pages) + |esummary (9 pages) |
| 336 | |atext|btxt|2rdacontent |
| 337 | |acomputer|bc|2rdamedia |
| 338 | |aonline resource|bcr|2rdacarrier |
| 500 | |aIssued also in French under title: La perception du risque, les valeurs et les préférences des voyageurs. |
| 500 | |aCover title. |
| 500 | |a"Registration number: POR # 110-18." |
| 520 | |a"The overall objective of this research was to better understand the knowledge, attitudes, and behaviours of Canadians regarding travel-related health risks"--page 4. |
| 692 | 07|2gccst|aTravel |
| 692 | 07|2gccst|aHealth hazards |
| 710 | 1 |aCanada. |bHealth Canada. |
| 775 | 08|tLa perception du risque, les valeurs et les préférences des voyageurs.|w(CaOODSP)9.872713 |
| 794 | |t2023 travellers' risk perceptions, attitudes and preferences report / |w(CaOODSP)9.930017 |
| 856 | 40|qPDF|s1.30 MB|uhttps://publications.gc.ca/collections/collection_2019/aspc-phac/H14-323-2019-eng.pdf|zFinal report |
| 856 | 40|qPDF|s286 KB|uhttps://publications.gc.ca/collections/collection_2019/aspc-phac/H14-323-2019-1-eng.pdf|zExecutive summary |